Vista normal
Vista MARC
- Murillo Fernández, Jacqueline
Entrada Personal Name
Número de registros utilizados en: 1
001 - CONTROL NUMBER
- control field: 27529
003 - CONTROL NUMBER IDENTIFIER
- control field: OSt
005 - DATE AND TIME OF LATEST TRANSACTION
- control field: 20161019090040.0
008 - FIXED-LENGTH DATA ELEMENTS
- fixed length control field: 161019|| aca||aabn | a|a d
040 ## - CATALOGING SOURCE
- Original cataloging agency: OSt
- Transcribing agency: OSt
100 ## - HEADING--PERSONAL NAME
- Personal name: Murillo Fernández, Jacqueline
670 ## - SOURCE DATA FOUND
- Source citation: Work cat.: (OSt)3217: Murillo Fernández, Jacqueline, Métodos de estudio a distancia e investigación: módulo de técnicas de estudio: el arte de aprender como se aprende, 2013